| 000 | 00409nam a2200145Ia 4500 | ||
|---|---|---|---|
| 008 | 220217s9999||||xx |||||||||||||| ||und|| | ||
| 020 | _a81-239-1659-0 | ||
| 082 | _a604.2 MUR | ||
| 100 | _aMurthy, Trymbaka, S | ||
| 245 | 0 | _aComputer aided engineering drawing | |
| 250 | _a2nd | ||
| 260 |
_aIK International publishing house _bNew Delhi _c2006 |
||
| 300 |
_aXIV, 290p. _b195 |
||
| 650 | _aMECHANICHAL | ||
| 999 |
_c179286 _d179286 |
||